Estadísticas para Países SIN ejército

Haz click aquí para intentar la prueba.

Estadísticas generales

  • Esta prueba ha sido intentada 1.203 veces
  • La puntuación promedio es 14 de 21

Estadísticas de respuestas

PoblaciónPaís% Correcto
1,000Vaticano
85%
77,000Andorra
81%
39,000Mónaco
79%
38,000Liechtenstein
78%
59,000Islas Marshall
71%
677,000Islas Salomón
71%
11,000Nauru
71%
12,000Tuvalu
71%
303,000Vanuatu
70%
105,000E. F. Micronesia
68%
118,000Kiribati
68%
198,000Samoa
68%
18,000Palaos
66%
111,000San Vicente y las Granadinas
65%
112,000Granada
63%
183,000Santa Lucía
63%
340,000Islandia
61%
5,067,000Costa Rica
60%
72,000Dominica
58%
1,271,000Mauricio
51%
4,275,000Panamá
43%

Distribución de puntuación

Porcentaje por número respondido

Porcentaje de gente con cada puntuación

Historial de tus puntuaciones

No has intentado esta prueba.